Vytvorenie mobilnej cross-platformovej aplikácie
Salvato in:
| Autore principale: | |
|---|---|
| Altri autori: | |
| Natura: | Manoscritto Libro |
| Lingua: | slovacco |
| Pubblicazione: |
Bratislava :
STU v Bratislave FEI,
2024
|
| Soggetti: | |
| Accesso online: | https://opac.crzp.sk/?fn=detailBiblioFormChildMOBG5&sid=A6A9937D4AB687F47DC88CA9E4AF&seo=CRZP-detail-kniha |
| Tags: |
Nessun Tag, puoi essere il primo ad aggiungerne!!
|
MARC
| LEADER | 00000ntm a22000003a 4500 | ||
|---|---|---|---|
| 001 | stuzp96354 | ||
| 003 | SK-STU | ||
| 005 | 20250402131839.3 | ||
| 007 | ta | ||
| 008 | 150427s2015----xo-----f-mn---000-0-slo-d | ||
| 040 | |a STU |b slo | ||
| 041 | 0 | |a slo | |
| 044 | |a xo | ||
| 100 | 1 | |a Bašista, Matej |u 030400 |4 aut |U FEI Fakulta elektrotechniky a informatiky |T FEI Ústav automobilovej mechatroniky |X 115047 |U E400 |Y 642 |7 115047 | |
| 242 | 0 | 1 | |a Creating a mobile cross-platform application |y eng |
| 245 | 1 | 0 | |a Vytvorenie mobilnej cross-platformovej aplikácie |
| 260 | |a Bratislava : |b STU v Bratislave FEI, |c 2024 | ||
| 300 | |a 65 s., príl. | ||
| 650 | 4 | |a cross-platform |2 slo | |
| 650 | 4 | |a Flutter |2 slo | |
| 650 | 4 | |a spánok |2 slo | |
| 650 | 4 | |a monitorovanie |2 slo | |
| 650 | 4 | |a Firebase |2 slo | |
| 650 | 4 | |a Flutter |2 eng | |
| 650 | 4 | |a sleep |2 eng | |
| 650 | 4 | |a cross-platform |2 eng | |
| 650 | 4 | |a Firebase |2 eng | |
| 650 | 4 | |a monitoring |2 eng | |
| 700 | 1 | |a Beňo, Lukáš |u 030400 |k Z8 |4 ths |U FEI Fakulta elektrotechniky a informatiky |T FEI Ústav automobilovej mechatroniky |X 72774 |U E400 |Y 642 |7 72774 | |
| 856 | 4 | |u https://opac.crzp.sk/?fn=detailBiblioFormChildMOBG5&sid=A6A9937D4AB687F47DC88CA9E4AF&seo=CRZP-detail-kniha | |